00643cam a2200181 a 4500020002800000020003500028082001800063100002000081245003000101260003600131300002400167650003100191650001900222650003300241856005500274856006600329856006600395 a0471072354 (alk. paper) a047107246X (pbk. : alk. paper)00a658.4/063 GEW1 aGewirtz, David.14aThe flexible enterprise : aNew York :bJohn Wiley,cc1996. ax, 262 p. :bill. ; 0aReengineering (Management) 0aSmall business 0aDiversification in industry.4 uhttp://www.loc.gov/catdir/toc/onix02/95037312.html42uhttp://www.loc.gov/catdir/enhancements/fy0706/95037312-b.html42uhttp://www.loc.gov/catdir/enhancements/fy0706/95037312-d.html